[Event "BCF-chT3 1415 (4NCL)"]
[Site "England"]
[Date "2015.05.03"]
[Round "10.43"]
[White "Faizi, Tariq"]
[Black "Alcock, Joseph P"]
[Result "1-0"]
[WhiteElo "1435"]
[BlackElo "1225"]
[PlyCount "109"]
[EventDate "2015.03.21"]
[EventType "team-swiss"]
[EventRounds "11"]
[EventCountry "ENG"]
[SourceTitle "EXT 2016"]
[Source "ChessBase"]
[SourceDate "2015.10.08"]
[SourceVersion "1"]
[SourceVersionDate "2015.10.08"]
[SourceQuality "1"]
[WhiteTeam "The Pitstop"]
[BlackTeam "Cheddleton III"]
[WhiteTeamCountry "ENG"]
[BlackTeamCountry "ENG"]

1. e4 e5 2. Nf3 Nc6 3. Bc4 Bc5 4. d3 h6 5. a3 a6 6. b4 Ba7 7. Bb2 d6 8. h3 Nge7 9. Nc3 Ng6 10. 0-0 0-0 11. Ne2 Nh4 12. Ng3 g6 13. c3 Qf6 14. Nxh4 Qxh4 15. Kh2 Be6 16. Bc1 b5 17. Ba2 Bxa2 18. Rxa2 f5 19. exf5 gxf5 20. f4 Kf7 21. fxe5 Ke6 22. exd6 cxd6 23. Rf4 Qe7 24. Re2+ Ne5 25. d4 Qg7 26. dxe5 dxe5 27. Qb3+ Ke7 28. Nxf5+ Rxf5 29. Rxf5 Bb8 30. Kh1 Bd6 31. Ref2 Qg3 32. Qf7+ Kd8 33. R5f3 Qh4 34. Qg8+ Kd7 35. Qxa8 e4 36. Rf7+ Ke6 37. R7f6+ Qxf6 38. Rxf6+ Kxf6 39. Qxe4 h5 40. Bf4 Be7 41. h4 Kf7 42. Qh7+ Ke6 43. Qxh5 Bxh4 44. Qxh4 Kf5 45. Be3 Ke5 46. Qf4+ Ke6 47. g4 Ke7 48. Qf5 Kd6 49. g5 Kc6 50. g6 Kb7 51. Qf6 Kc7 52. g7 Kd7 53. g8Q Kc7 54. Qgg7+ Kc8 55. Qff8# 1-0